000 00317nam a22001337a 4500
008 170911b xxu||||| |||| 00| 0 eng d
020 _a9781594203015
041 _aeng
080 _a52
100 _a42
101 _aAST
245 _a OBSERVATION ON THE MYSTERIES OF PHOTOGRAPHY
_cMORRIS.E
942 _2udc
_cBK
999 _c27040
_d27040